Countries containing the letter M - Statistics

General Stats
  • This quiz has been taken 130 times
    105 since last reset
  • The average score is 48 of 54
Answer Stats
Hint Answer % Correct
Malawi
98%
Mexico
98%
South America Colombia
96%
Mali
96%
Moldova
96%
Mongolia
96%
United Arab Emirates
96%
Yemen
96%
Europe Belgium
95%
Malaysia
95%
Maldives
95%
Monaco
95%
Oman
95%
Germany
93%
Luxembourg
93%
Mauritius
93%
Montenegro
93%
Mozambique
93%
North Macedonia
93%
Romania
93%
Solomon Islands
93%
United Kingdom
93%
Zambia
93%
North America Bahamas
91%
Denmark
91%
Dominican Republic
91%
Gambia
91%
Malta
91%
Oceania Marshall island’s
91%
Mauritania
91%
Morocco
91%
Namibia
91%
Panama
91%
Africa Cameroon
89%
Jamaica
89%
Myanmar
89%
Suriname
89%
Zimbabwe
89%
Asia Armenia
87%
Samoa
87%
Somalia
87%
United States of America
87%
Dominica
85%
Guatemala
85%
Madagascar
85%
San Marino
85%
Cambodia
84%
Comoros
84%
Vietnam
84%
Turkmenistan
80%
East Timor
76%
Micronesia
75%
Sao Tome principe
73%
The Democratic republic of Congo
38%
No matching quizzes found
Score Distribution
Percent of People with Each Score
Percentile by Number Answered
Your Score History
You have not taken this quiz since the last reset